000
00325 a2200109 4500
001
ART_2266
005
20260410161724.0
008
260409a
245
1
0
_a
¿Estrategia sin contabilidad?
100
1
_a
Levy, Alberto R.
773
0
_t
Administración de empresas
_g
- Año XVII, Nº 200 (nov. 1986)
_w
REV2036
999
_c
17239
_d
17239